000 00347 a2200097 4500
245 0 0 _aMikroukłady scalone - Nazwy i określenia Pojęcia podstawowe PN-72/T-01600 ark.01 /
_cMin. Przem. Maszynowego.
246 1 3 _aPN-72/T-01600 ark.01
246 1 3 _a621.382.001.4
260 _aWarszawa :
_bMin. Przem. Maszynowego,
_c1972.
300 _a1 stron ;
_c30 cm.
650 _aPolska norma
999 _c21090
_d21090